[Event "ESP-ch U14"]
[Site "Salobrena"]
[Date "2023.07.20"]
[Round "6"]
[White "Torres Rebolledo, Marcos"]
[Black "Vilarino Lorenzo, Uxio"]
[Result "0-1"]
[WhiteElo "1685"]
[BlackElo "1508"]
[PlyCount "164"]
[EventDate "2023.07.17"]
[EventType "swiss"]
[EventRounds "9"]
[EventCountry "ESP"]
[SourceTitle "EXT 2024"]
[Source "ChessBase"]
[SourceDate "2023.10.10"]
[SourceVersion "1"]
[SourceVersionDate "2023.10.10"]
[SourceQuality "1"]

1. d4 d6 2. c4 e5 3. d5 f5 4. e4 Nf6 5. exf5 Bxf5 6. Nc3 g6 7. Nge2 Bg7 8. Ng3 Qc8 9. Bd3 Bxd3 10. Qxd3 0-0 11. 0-0 Na6 12. Nce4 Nxe4 13. Nxe4 Qf5 14. f3 h5 15. Be3 b6 16. Rab1 Nc5 17. Bxc5 bxc5 18. b4 cxb4 19. Rxb4 Rab8 20. Rfb1 Rxb4 21. Rxb4 g5 22. Rb3 Bh6 23. Nf2 Qxd3 24. Rxd3 Rf4 25. Ne4 g4 26. Kf2 h4 27. Rb3 h3 28. gxh3 gxf3 29. Nd2 Rd4 30. Nxf3 Rxc4 31. Ra3 e4 32. Ng1 e3+ 33. Kf3 Rf4+ 34. Ke2 Rf2+ 35. Ke1 Rxh2 36. Kf1 Rf2+ 37. Ke1 Rb2 38. Kf1 Rf2+ 39. Ke1 Bg5 40. Ra4 Bf6 41. Ne2 Rh2 42. Nf4 Bh4+ 43. Kd1 Rd2+ 44. Kc1 e2 45. Nxe2 Bg5 46. Rg4 Rxd5+ 47. Kc2 Rd2+ 48. Kb3 Rxe2 49. Rxg5+ Kf7 50. Ra5 Ke6 51. Rxa7 Kd7 52. a4 Rh2 53. a5 Rxh3+ 54. Kc4 Kc6 55. Ra8 Rh4+ 56. Kb3 Kb5 57. Rc8 Rh3+ 58. Kb2 c5 59. Ra8 d5 60. a6 Kc4 61. Rb8 Rh7 62. Rb7 Rh6 63. a7 Ra6 64. Rh7 d4 65. Rg7 Rb6+ 66. Ka2 Ra6+ 67. Kb2 Kb5 68. Kb3 Kb6 69. Kc4 Ra4+ 70. Kb3 Rxa7 71. Rg2 Kb5 72. Rg5 Rh7 73. Rg3 c4+ 74. Kb2 Kb4 75. Kc1 Rh2 76. Rg4 Kc3 77. Rg3+ d3 78. Rg1 Ra2 79. Kb1 Rb2+ 80. Ka1 Rb4 81. Rg3 Kc2 82. Ka2 Ra4# 0-1

[Event "Oviedo op 8th"]
[Site "Oviedo"]
[Date "2022.07.20"]
[Round "6"]
[White "Prochaieva, Nina"]
[Black "Vilarino Lorenzo, Uxio"]
[Result "0-1"]
[WhiteElo "1166"]
[BlackElo "1500"]
[PlyCount "118"]
[EventDate "2022.07.17"]
[EventType "swiss"]
[EventRounds "9"]
[EventCountry "ESP"]
[SourceTitle "CBM 209 Extra"]
[Source "ChessBase"]
[SourceDate "2022.09.30"]
[SourceVersion "1"]
[SourceVersionDate "2022.09.30"]
[SourceQuality "1"]

1. d3 d5 2. g3 g6 3. Bg2 Bg7 4. Nd2 Nf6 5. e4 dxe4 6. dxe4 Nc6 7. Ne2 0-0 8. 0-0 Rb8 9. h3 b6 10. f4 Bb7 11. e5 Nd7 12. Ne4 Re8 13. b3 f6 14. exf6 Nxf6 15. Rb1 Qxd1 16. Rxd1 Nb4 17. Nxf6+ exf6 18. Bxb7 Rxe2 19. Bf3 Rxc2 20. a3 Na2 21. Bb2 Re8 22. b4 Nc3 23. Bxc3 Rxc3 24. Bd5+ Kf8 25. Rb3 Rxb3 26. Bxb3 Re3 27. Ba4 Rxg3+ 28. Kh2 Rxa3 29. Rd8+ Ke7 30. Rd7+ Ke6 31. Bc6 Bh6 32. Rxh7 Bxf4+ 33. Kg2 Rb3 34. b5 Kd6 35. Rd7+ Kc5 36. Rd5+ Kc4 37. Rd7 Rxb5 38. Bxb5+ Kxb5 39. Kf3 Kc6 40. Rd1 Bh6 41. h4 b5 42. Rg1 g5 43. h5 f5 44. Rc1+ Kb6 45. Re1 g4+ 46. Kg3 c6 47. Re6 Bg5 48. h6 Bxh6 49. Rxh6 a5 50. Rf6 b4 51. Rxf5 c5 52. Kxg4 b3 53. Rf3 a4 54. Kf4 Kb5 55. Ke4 b2 56. Rf1 a3 57. Kd3 a2 58. Kc2 a1Q 59. Rxa1 bxa1Q 0-1

[Event "Galicia-ch U14"]
[Site "Padron"]
[Date "2022.03.01"]
[Round "7"]
[White "Vilarino Lorenzo, Uxio"]
[Black "Oubina Pazos, Cesar"]
[Result "0-1"]
[WhiteElo "1513"]
[BlackElo "1547"]
[PlyCount "54"]
[EventDate "2022.02.26"]
[EventType "swiss"]
[EventRounds "8"]
[EventCountry "ESP"]
[SourceTitle "EXT 2023"]
[Source "ChessBase"]
[SourceDate "2022.10.05"]
[SourceVersion "1"]
[SourceVersionDate "2022.10.05"]
[SourceQuality "1"]

1. e4 c5 2. d3 e6 3. g3 Nc6 4. Bg2 Nf6 5. f4 d5 6. e5 Nd7 7. Nf3 Be7 8. 0-0 b5 9. g4 h5 10. gxh5 Rxh5 11. Nd4 Nxd4 12. Qxh5 Nxc2 13. Bxd5 Nb6 14. Bxa8 Qd4+ 15. Kh1 Nxa8 16. Qf3 Nb6 17. Na3 Nxa1 18. Qc6+ Bd7 19. Qf3 b4 20. Be3 Qd5 21. Qxd5 exd5 22. Rxa1 bxa3 23. b3 d4 24. Bd2 Bf5 25. Bc1 Bxd3 26. Bxa3 Kd7 27. Rd1 Be2 0-1

[Event "Galicia-ch U14"]
[Site "Padron"]
[Date "2022.02.27"]
[Round "3"]
[White "Oubina Pazos, Ricardo"]
[Black "Vilarino Lorenzo, Uxio"]
[Result "1/2-1/2"]
[WhiteElo "1381"]
[BlackElo "1513"]
[PlyCount "54"]
[EventDate "2022.02.26"]
[EventType "swiss"]
[EventRounds "8"]
[EventCountry "ESP"]
[SourceTitle "EXT 2023"]
[Source "ChessBase"]
[SourceDate "2022.10.05"]
[SourceVersion "1"]
[SourceVersionDate "2022.10.05"]
[SourceQuality "1"]

1. d4 Nf6 2. c4 g6 3. Nf3 Bg7 4. g3 d5 5. Bg2 0-0 6. Nc3 c5 7. cxd5 Nxd5 8. 0-0 Nc6 9. Nxd5 Qxd5 10. dxc5 Rd8 11. Qxd5 Rxd5 12. Be3 e5 13. Nd2 Rd8 14. Nc4 Nd4 15. Bxd4 Rxd4 16. Nd6 Bf8 17. Nxb7 Rb8 18. c6 e4 19. Rfd1 Rxd1+ 20. Rxd1 Bxb7 21. cxb7 Rxb7 22. Rd2 Rb4 23. Rc2 h6 24. b3 a5 25. Rc4 Rxc4 26. bxc4 f5 27. g4 Kf7 1/2-1/2

[Event "ESP-ch U12"]
[Site "Salobrena"]
[Date "2021.07.08"]
[Round "6"]
[White "Rivero Tacoronte, Gabriel"]
[Black "Vilarino Lorenzo, Uxio"]
[Result "1/2-1/2"]
[WhiteElo "1112"]
[BlackElo "1424"]
[PlyCount "135"]
[EventDate "2021.07.05"]
[EventType "swiss"]
[EventRounds "9"]
[EventCountry "ESP"]
[SourceTitle "EXT 2022"]
[Source "ChessBase"]
[SourceDate "2021.10.06"]
[SourceVersion "1"]
[SourceVersionDate "2021.10.06"]
[SourceQuality "1"]

1. e4 d5 2. exd5 Qxd5 3. Nf3 Bg4 4. Be2 c6 5. 0-0 Nf6 6. d4 e6 7. c4 Qd8 8. Nc3 Be7 9. Bf4 0-0 10. h3 Bxf3 11. Bxf3 Nbd7 12. a3 Nb6 13. Qd3 Qd7 14. b4 Bd6 15. Bxd6 Qxd6 16. c5 Qd7 17. cxb6 axb6 18. Rfd1 Rfd8 19. Qe3 Qc7 20. Ne4 Nd5 21. Qe1 Qe7 22. Ng3 Nf4 23. Qe3 Qf6 24. Ne4 Qh6 25. Bg4 f5 26. Bxf5 exf5 27. Ng3 Re8 28. Qb3+ Kf8 29. Nxf5 Qg5 30. Ng3 h5 31. Qf3 Kg8 32. Re1 Rf8 33. Ne4 Qb5 34. Qb3+ Kh8 35. Re3 Ne2+ 36. Kh1 Nxd4 37. Qb2 Nf5 38. Rc3 Qd5 39. Ng3 Nh4 40. f3 Qd4 41. Rac1 Nxf3 42. Ne2 Qe5 43. gxf3 Rxf3 44. Ng1 Rd3 45. R3c2 Qe4+ 46. Rg2 Rg3 47. Rc3 Rg5 48. Qe2 Qxe2 49. Rxe2 Rd8 50. Rce3 Kh7 51. Re1 Rd7 52. Nf3 Rf5 53. Ne5 Rd2 54. Nc4 Rc2 55. Nxb6 Rff2 56. Rg3 h4 57. Rg4 Rc3 58. a4 Rxh3+ 59. Kg1 Rfh2 60. Rg2 Rh1+ 61. Kf2 Rxe1 62. Kxe1 Re3+ 63. Kf2 Re4 64. b5 cxb5 65. axb5 Re5 66. Rg4 Rxb5 67. Rxh4+ Kg8 68. Nd7 1/2-1/2

[Event "ESP-ch U12"]
[Site "Salobrena"]
[Date "2021.07.06"]
[Round "3"]
[White "Vilarino Lorenzo, Uxio"]
[Black "Povshednyi, Ivan"]
[Result "1/2-1/2"]
[WhiteElo "1424"]
[BlackElo "1702"]
[PlyCount "36"]
[EventDate "2021.07.05"]
[EventType "swiss"]
[EventRounds "9"]
[EventCountry "ESP"]
[SourceTitle "EXT 2022"]
[Source "ChessBase"]
[SourceDate "2021.10.06"]
[SourceVersion "1"]
[SourceVersionDate "2021.10.06"]
[SourceQuality "1"]

1. e4 c5 2. d3 Nc6 3. g3 g6 4. Bg2 Bg7 5. f4 e6 6. Nf3 Nge7 7. 0-0 0-0 8. c3 d5 9. e5 Nf5 10. g4 Nh4 11. Nxh4 Qxh4 12. g5 h6 13. Rf3 Qg4 14. Qf1 hxg5 15. Rg3 Qh4 16. Rh3 Qg4 17. Rg3 Qh4 18. Rh3 Qg4 1/2-1/2

[Event "Pontevedra op-B 6th"]
[Site "Pontevedra"]
[Date "2018.08.12"]
[Round "7"]
[White "Freire Boudon, Carlos"]
[Black "Vilarino Lorenzo, Uxio"]
[Result "1-0"]
[WhiteElo "1441"]
[BlackElo "1104"]
[PlyCount "72"]
[EventDate "2018.08.08"]
[EventType "swiss"]
[EventRounds "9"]
[EventCountry "ESP"]
[SourceTitle "CBM 186 Extra"]
[Source "ChessBase"]
[SourceDate "2018.08.24"]
[SourceVersion "1"]
[SourceVersionDate "2018.08.24"]
[SourceQuality "1"]

1. f4 Nf6 2. Nf3 d5 3. g3 c6 4. Bg2 e6 5. 0-0 b5 6. d3 Bd6 7. Nc3 0-0 8. e4 Qb6+ 9. Kh1 Ng4 10. Qe2 Bc5 11. Nd1 dxe4 12. dxe4 Rd8 13. Bd2 Ba6 14. b4 Be7 15. h3 Nf6 16. Be3 Qc7 17. e5 Ne4 18. Nd4 Nxg3+ 19. Kh2 Nxe2 20. Nxe2 Bxb4 21. Rb1 Bd2 22. Bc5 Nd7 23. Bd6 Qb6 24. Nf2 Qe3 25. Ng3 b4 26. Nd3 Bxd3 27. cxd3 Qxd3 28. Rbd1 Qc2 29. Be4 Qxa2 30. Rf2 b3 31. Rdxd2 Qa1 32. Rb2 f5 33. Bd3 Qa4 34. Bf1 Qd4 35. Rfd2 Qxf4 36. Rf2 Qc4 1-0

[Event "Pontevedra op-B 6th"]
[Site "Pontevedra"]
[Date "2018.08.11"]
[Round "5"]
[White "Vilarino Lorenzo, Uxio"]
[Black "Fernandez Rodriguez, Omar"]
[Result "0-1"]
[WhiteElo "1104"]
[BlackElo "1428"]
[PlyCount "62"]
[EventDate "2018.08.08"]
[EventType "swiss"]
[EventRounds "9"]
[EventCountry "ESP"]
[SourceTitle "CBM 186 Extra"]
[Source "ChessBase"]
[SourceDate "2018.08.24"]
[SourceVersion "1"]
[SourceVersionDate "2018.08.24"]
[SourceQuality "1"]

1. e4 c5 2. Nc3 Nc6 3. d3 g6 4. g3 Bg7 5. Bg2 Nf6 6. f4 d6 7. Nf3 Bg4 8. h3 Bxf3 9. Bxf3 e6 10. 0-0 0-0 11. Be3 Qb6 12. b3 Nd7 13. Na4 Qc7 14. Rb1 b5 15. Nb2 Nb4 16. a3 Na2 17. Ra1 Nc3 18. Qc1 b4 19. a4 f5 20. exf5 exf5 21. Bxa8 Ne2+ 22. Kf2 Nxc1 23. Bd5+ Kh8 24. Raxc1 Bxb2 25. Rb1 Bd4 26. Bxd4+ cxd4 27. Bc4 d5 28. Bxd5 Qxc2+ 29. Kf3 Re8 30. Rfe1 Qxd3+ 31. Kf2 Qd2+ 0-1